00383nam a2200133Ia 45000010005000000080041000050200021000460820020000671000031000872450066001182600024001849010026002089990015002344585241024s9999 xx 000 0 und d a978-9945-00441-0 aRD/972.93/G984h aEuclides Gutiérrez Felix 0aHaití y la República Dominicana un origen y dos destinos. bEd Corrípioc2011 a8/2/2017 8:51:42 a.m. c7598d7598